| 000 | 00517nam a2200181 4500 | ||
|---|---|---|---|
| 001 | 16244 | ||
| 010 | _a9789722212168 | ||
| 021 | _b35619/90 | ||
| 090 | _a16244 | ||
| 100 | _a20250512 pory50 | ||
| 200 |
_aPovos primitivos _fconc. ed. Nick Merriman _gtrad. Joaquim Farinha dos santos Tavares |
||
| 210 |
_aLisboa _cVerbo _dD.L 1990 |
||
| 215 |
_a63 p. _cil. _d29 cm |
||
| 225 | _aEnciclopédia Visual) | ||
| 304 | _aTi. orig.: Early people | ||
| 606 |
_9155 _aPovos primitivos |
||
| 801 |
_aPT _bBMA _gRPC |
||
| 990 | _cLIVROS | ||